Shapes of silence an electro-acoustic composition for Tibetian bowls, pipes, percussions, Singing Fountain of the Royal Summer Palace of Queen Anne in Prague and sound objects /

Hlavní autor: Matoušek, Vlastislav, 1948-
Vydáno: Praha : Nextera, p2006
Témata:
Fyzický popis: 1 zvuková deska (67:05) : digital ; 12 cm
Zvukové nahrávky
Uloženo v:
LEADER 01470njm a2200385 a 4500
001 000954780
003 CZ BrMZK
005 20090827075449.0
007 sd fsngnnmmned
008 090713s2006 xr zzn g d
024 1 |a 8594048312390 
028 0 1 |a ERA 2039-2  |b Nextera 
040 |a BOA001  |b cze 
040 |a ABA001  |b cze 
041 0 |g eng 
072 7 |a 785  |x Instrumentální hudba. Symfonická hudba. Hudba pro více nástrojů  |2 Konspekt  |9 9 
080 |a 781.7  |2 MRF 
080 |a (086.76)  |2 MRF 
100 1 |a Matoušek, Vlastislav,  |d 1948-  |7 jo20010092718  |4 cmp  |4 itr 
245 1 0 |a Shapes of silence  |h [zvukový záznam] :  |b an electro-acoustic composition for Tibetian bowls, pipes, percussions, Singing Fountain of the Royal Summer Palace of Queen Anne in Prague and sound objects /  |c [hudba] Vlastislav Matoušek 
260 |a Praha :  |b Nextera,  |c p2006 
300 |a 1 zvuková deska (67:05) :  |b digital ;  |c 12 cm 
306 |a 010705 
500 |a Podnázev z obalu 
500 |a Kompaktní deska 
511 1 |a Vlastislav Matoušek 
518 |a Nahráno ve studiu Hudební fakulty AMU v Praze v letech 1993-1994 
650 0 7 |a etnická hudba  |7 ph173224  |2 czenas 
650 0 7 |a meditativní hudba  |7 ph122734  |2 czenas 
655 7 |a kompaktní desky  |7 fd201991  |2 czenas 
910 |a BOA001  |b CD-0015.433 
990 |a AV 
995 |a 01 
991 |b 200908 
996 6 |b 261H017113  |c CD-0015.433  |l MZK  |r Sklad / do 24 hodin  |n 0  |w 001086763  |u 000010  |a 1  |e BOA001  |j MZK50  |s P